000 nam a22 7a 4500
999 _c8282
_d8282
008 171213b xxu||||| |||| 00| 0 eng d
100 _aBabu.P.S.
_94703
245 _aThe Cap Seller and the Monkeys
260 _aChennai
_c2008